Stephen King Novels (Only Novels) - Statistics

General Stats
  • This quiz has been taken 107 times
  • The average score is 35 of 55
Answer Stats
Hint Answer % Correct
Here's Johnny! (1977) The Shining
94%
An evil clown, or is it? (1986) IT
92%
Vampires?! (1975) Salem's Lot
92%
A Telekinetic Girl!? (1974) Carrie
90%
Dog Attack! (1981) Cujo
86%
Cursed burying grounds! (1983) Pet Sematary
86%
An author and a not so supportive fan (1987) Misery
84%
Influenza outbreak (1978) The Stand
84%
Can a time traveler stop the 35th presidents assassination (2011) 11/22/63
82%
A possessed car? (1983) Christine
82%
Pyrokinetic Girl? (1980) Firestarter
80%
Magic shop that grants desires? (1991) Needful Things
78%
(Serial Novel, only give the overarching name) Death Row (1996) The Green Mile
78%
Werewolves! (1985) Cycle of the Werewolf
76%
An invisible forcefield mysteriously covers a town? (2009) Under the Dome
74%
Husband gone, handcuffs still on (1992) Gerald's Game
72%
Aliens in the woods! (1987) The Tommyknockers
72%
The second of many with three doors?! (1987) The Dark Tower: The Drawing of Three
70%
Can the title character successfully escape his life of crime? (2021) Billy Summers
68%
Psychic Man (1979) The Dead Zone
68%
Can "The Pulse" and "phoners" stop a father and son? (2006) Cell
66%
A second supernatural car and Pennsylvanian police! (2002) From A Buick 8
66%
A haunted amusement park! (2013) Joyland
66%
Tak abduction in Nevada! (1996) Desperation
64%
Medieval Magic! (1987) The Eyes of the Dragon
64%
The first of many! (1982) The Dark Tower: Gunslinger
62%
A move to Florida leads to face off with Perse! (2008) Duma Key
60%
Vehicular Homicide galore! (2014) Mr. Mercedes
60%
A nine year old girl lost in the woods! (1999) The Girl Who Loved Tom Gordon
60%
An evil penname come to life! (1989) The Dark Half
58%
Can Luke escape the title location? (2019) The Institute
58%
A fifth friend? An alien invasion? Special powers?! (2001) Dreamcatcher
56%
A magical button box?! (2022) Gwendy's Final Task
56%
The title character is finally the main character after three other books! (2023) Holly
56%
The fifth of many that takes place in Calla Bryn Sturgis (2003) The Dark Tower: Wolves of the Calla
56%
The third of many! (1991) The Dark Tower: The Waste Lands
54%
Book "4.5" of a series we thought was over! (2012) The Dark Tower: The Wind Through the Keyhole
54%
The third, and last, book above vehicular homicide! (2016) End of Watch
52%
A widow struggles with memories of her dead husband (2006) Lisey's Story
52%
Jack needs to save his mom! (1984) The Talisman
52%
A charismatic minister is also a mad scientist? (2014) Revival
50%
"Aurora" is turning women crazy! (2017) Sleeping Beauties
50%
The "final" of many, concludes an epic series! (2004) The Dark Tower
50%
Police interrogation and a life story! (1993) Dolores Claiborne
48%
Charlie and Radar must explore Empis! (2022( Fairy Tale
48%
Abusive husband vs escaped wife (1995) Rose Madder
48%
Custody battles and blues singer ghosts?! (1998) Bag of Bones
46%
The sequel to a book about vehicular homicide! (2015) Finders Keepers
46%
The sixth of many that takes place largely in New York City (2004) The Dark Tower: Song of Susannah
46%
Is Terry Maitland hiding a dark secret? (2018) The Outsider
46%
The fourth of many, a story within a story in Kansas (1997) The Dark Tower: Wizard and Glass
44%
Second book of the series. The "Fisherman" attacks! (2001) Black House
42%
The Purpose vs The Random (1994) Insomnia
38%
A cold case finally gets warmer after 25 years! (2005) The Colorado Kid
38%
Can Jamie stop a killer from beyond the grave? (2021) Later
34%
No matching quizzes found
Score Distribution
Percent of People with Each Score
Percentile by Number Answered
Your Score History
You have not taken this quiz